Normal view
MARC view
Entry Personal Name
001 - CONTROL NUMBER
- control field: 17776
003 - CONTROL NUMBER IDENTIFIER
- control field: BD-RjUL
005 - DATE AND TIME OF LATEST TRANSACTION
- control field: 20260224111840.0
008 - FIXED-LENGTH DATA ELEMENTS
- fixed length control field: 260224|| aca||aabn | a|a d
040 ## - CATALOGING SOURCE
- Original cataloging agency: BD-RjUL
- Transcribing agency: BD-RjUL
100 ## - HEADING--PERSONAL NAME
- Personal name: Rhodes, Dennis E., By, Simoni, Anna E. C
670 ## - SOURCE DATA FOUND
- Source citation: Work cat.: (BD-RjUL)86203: Dictionary of Anonymous and Pseudonymous English Literature,, 1956